[Event "RUS-chT Blitz"]
[Site "Sochi"]
[Date "2023.10.17"]
[Round "12.24"]
[White "Zubritskiy, Artyom"]
[Black "Krylov, Mikhail"]
[Result "1-0"]
[WhiteElo "2468"]
[BlackElo "2456"]
[PlyCount "45"]
[EventDate "2023.10.17"]
[EventType "team-swiss (blitz)"]
[EventRounds "13"]
[EventCountry "RUS"]
[SourceTitle "Mega2024 Update 01"]
[Source "Chessbase"]
[SourceDate "2023.11.12"]
[SourceVersion "1"]
[SourceVersionDate "2023.11.12"]
[SourceQuality "1"]
[WhiteTeam "St Petersburg SShOR"]
[BlackTeam "Moscow MGFSO"]
[WhiteTeamCountry "RUS"]
[BlackTeamCountry "RUS"]

1. c4 e5 2. g3 Nc6 3. Nc3 f5 4. Nf3 Nf6 5. d4 e4 6. Nh4 d6 7. Bg5 Be7 8. e3 0-0 9. Be2 Ne8 10. Bxe7 Nxe7 11. Ng2 c6 12. h4 Be6 13. Nf4 Bf7 14. g4 d5 15. cxd5 Nxd5 16. Ncxd5 Bxd5 17. Qd2 fxg4 18. Bxg4 Rxf4 19. exf4 e3 20. fxe3 Bxh1 21. 0-0-0 Be4 22. Qb4 Qc7 23. Be6+ 1-0

[Event "RUS-ch Blitz"]
[Site "Sochi"]
[Date "2023.10.14"]
[Round "5"]
[White "Popovich, Alexey"]
[Black "Krylov, Mikhail"]
[Result "1/2-1/2"]
[WhiteElo "2094"]
[BlackElo "2456"]
[PlyCount "62"]
[EventDate "2023.10.14"]
[EventType "swiss (blitz)"]
[EventRounds "13"]
[EventCountry "RUS"]
[SourceTitle "Mega2024 Update 01"]
[Source "Chessbase"]
[SourceDate "2023.11.12"]
[SourceVersion "1"]
[SourceVersionDate "2023.11.12"]
[SourceQuality "1"]

1. e4 d5 2. exd5 Nf6 3. d4 Nxd5 4. Nf3 g6 5. Bc4 Bg7 6. h3 0-0 7. 0-0 Nb6 8. Bb3 c5 9. dxc5 N6d7 10. Nc3 Nxc5 11. Qe2 Nxb3 12. axb3 Nc6 13. Bg5 h6 14. Bh4 Be6 15. Rfe1 Nd4 16. Nxd4 Qxd4 17. Bg3 a6 18. Rad1 Qb6 19. Be5 Rad8 20. Bxg7 Kxg7 21. Qe5+ Kh7 22. h4 Rxd1 23. Rxd1 Rd8 24. Rxd8 Qxd8 25. h5 Qd2 26. hxg6+ Kxg6 27. Qe4+ Bf5 28. Qxe7 Qc1+ 29. Kh2 Qf4+ 30. Kg1 Qc1+ 31. Kh2 Qf4+ 1/2-1/2

[Event "RUS-ch rapid"]
[Site "Sochi"]
[Date "2018.10.06"]
[Round "6.33"]
[White "Krylov, Mikhail"]
[Black "Derjabin, Ilja"]
[Result "1-0"]
[WhiteElo "2476"]
[BlackElo "2345"]
[PlyCount "133"]
[EventDate "2018.10.05"]
[EventType "swiss (rapid)"]
[EventRounds "11"]
[EventCountry "RUS"]
[SourceTitle "CBM 186 Extra"]
[Source "ChessBase"]
[SourceDate "2018.08.24"]
[SourceVersion "1"]
[SourceVersionDate "2018.08.24"]
[SourceQuality "1"]

1. d4 Nf6 2. c4 d6 3. Nc3 Bf5 4. Nf3 h6 5. g3 Ne4 6. Bd2 Nxd2 7. Qxd2 Nd7 8. Bg2 c6 9. 0-0 Qc7 10. d5 c5 11. e4 Bh7 12. Rfe1 g5 13. Nb5 Qb6 14. e5 a6 15. Nc3 dxe5 16. Nxe5 Nxe5 17. Rxe5 Bg7 18. Re2 0-0 19. Rxe7 Bf6 20. Re2 Rad8 21. Rae1 Bd4 22. Ne4 Bxe4 23. Bxe4 Rfe8 24. b3 Qf6 25. Bb1 Rxe2 26. Rxe2 Kg7 27. Kg2 h5 28. h3 g4 29. hxg4 hxg4 30. Qf4 Qxf4 31. gxf4 Kf6 32. Kg3 Rg8 33. Bh7 Rh8 34. Be4 Rg8 35. d6 Rd8 36. Bxb7 Rxd6 37. Kxg4 a5 38. Re8 Bxf2 39. Bd5 Rd7 40. Ra8 Be1 41. Ra6+ Kg7 42. Rc6 Bb4 43. f5 f6 44. Kh5 Re7 45. Be6 Ra7 46. Rc8 Re7 47. Kg4 Ra7 48. Kh5 Re7 49. Ra8 Bc3 50. Kg4 Rc7 51. Kf4 Re7 52. Ke4 Rc7 53. Kd5 Bb4 54. Kd6 Rb7 55. Rg8+ Kh7 56. Rg6 Rb6+ 57. Kd5 Rb8 58. Rxf6 Rd8+ 59. Kc6 Rd2 60. Rf7+ Kh6 61. a4 Rb2 62. f6 Bc3 63. Rf8 Rf2 64. f7 Bg7 65. Rg8 Rf6 66. Kd7 Kh7 67. Ke7 1-0

[Event "Moscow-chT"]
[Site "Moscow"]
[Date "2018.09.22"]
[Round "2.1"]
[White "Navrodsky, Boris"]
[Black "Krylov, Mikhail"]
[Result "0-1"]
[WhiteElo "2265"]
[BlackElo "2476"]
[PlyCount "204"]
[EventDate "2018.09.20"]
[EventType "team-swiss"]
[EventRounds "7"]
[EventCountry "RUS"]
[SourceTitle "CBM 186 Extra"]
[Source "ChessBase"]
[SourceDate "2018.08.24"]
[SourceVersion "1"]
[SourceVersionDate "2018.08.24"]
[SourceQuality "1"]
[WhiteTeam "Botvinnik Chess School"]
[BlackTeam "Karpov Chess School"]
[WhiteTeamCountry "RUS"]
[BlackTeamCountry "RUS"]

1. d4 Nf6 2. c4 g6 3. Nc3 Bg7 4. e4 d6 5. Nf3 0-0 6. Be2 e5 7. 0-0 Nh5 8. Re1 Nf4 9. Bxf4 exf4 10. e5 dxe5 11. dxe5 Nc6 12. Qxd8 Rxd8 13. Nd5 Bg4 14. Nxc7 Rab8 15. Nd5 Bxf3 16. Bxf3 Nxe5 17. Be2 b5 18. b3 bxc4 19. bxc4 Rb2 20. a4 g5 21. Rad1 Kf8 22. Kf1 Rc8 23. Rc1 Rc5 24. Red1 f5 25. h3 Kf7 26. Bh5+ Ke6 27. Re1 Rb8 28. Rc2 Bh8 29. Be2 Ra5 30. Ra2 Rc8 31. Nb4 Kf7 32. Rc1 Kf8 33. Ke1 Nd7 34. Bf3 Rac5 35. Rac2 Nb6 36. Nd3 Rxc4 37. Rxc4 Rxc4 38. Rxc4 Nxc4 39. Bd5 Nb6 40. Bb3 Ke7 41. Ke2 a5 42. Kf3 Kd6 43. Ke2 Bd4 44. h4 h6 45. hxg5 hxg5 46. Kf3 Nd5 47. Ke2 Nc3+ 48. Ke1 Ne4 49. Ke2 g4 50. Ke1 Be5 51. Ke2 Ng5 52. f3 Nh7 53. Bf7 Nf6 54. Bg6 Nd5 55. Bxf5 Nc3+ 56. Kd2 gxf3 57. gxf3 Nxa4 58. Be4 Nb6 59. Kc2 a4 60. Bb7 Nc4 61. Ba8 Nb6 62. Bb7 Nc4 63. Ba8 Ne3+ 64. Kb1 Nd5 65. Kc2 Nc7 66. Bb7 Nb5 67. Ba8 Nd4+ 68. Kb1 Ne2 69. Kc2 Bd4 70. Bb7 Be3 71. Ba8 Nd4+ 72. Kb2 Nb5 73. Bb7 Kc7 74. Ba8 Kb6 75. Bd5 Nc7 76. Bc4 Ka5 77. Ka2 Nb5 78. Bf7 Nd4 79. Bd5 Kb5 80. Ka3 Bd2 81. Kb2 Ne2 82. Kc2 Bb4 83. Kb2 Bd6 84. Kc2 Ka5 85. Kb2 Bb4 86. Kc2 Kb5 87. Kb2 Ba5 88. Bf7 Bd8 89. Bg8 Bg5 90. Bf7 Be7 91. Bg8 Kc6 92. Bf7 a3+ 93. Kb1 Bd6 94. Nc1 Ng1 95. Bg6 Kd5 96. Be4+ Kd4 97. Nd3 Nxf3 98. Nxf4 Kxe4 99. Ne2 Kd3 100. Nc1+ Kc4 101. Kc2 Nd4+ 102. Kb1 Bf4 0-1

[Event "RUS GP rap"]
[Site "Serpukhov"]
[Date "2018.02.23"]
[Round "1"]
[White "Krylov, Mikhail"]
[Black "Sadovnikov, Konstantin"]
[Result "1-0"]
[WhiteElo "2476"]
[BlackElo "1862"]
[PlyCount "59"]
[EventDate "2018.02.23"]
[EventType "swiss (rapid)"]
[EventRounds "11"]
[EventCountry "RUS"]
[SourceTitle "CBM 183 Extra"]
[Source "ChessBase"]
[SourceDate "2018.04.19"]
[SourceVersion "1"]
[SourceVersionDate "2018.04.19"]
[SourceQuality "1"]

1. d4 Nf6 2. c4 c5 3. d5 e5 4. Nc3 d6 5. g3 Nbd7 6. Bg2 a6 7. a4 Be7 8. e4 0-0 9. Nge2 Ne8 10. 0-0 g6 11. f4 Ng7 12. f5 Bg5 13. h4 Bf6 14. Bh6 Rb8 15. Qd2 Qe7 16. Rf2 Rd8 17. Raf1 Ne8 18. Bh3 Nf8 19. Kh2 Bd7 20. Ng1 b5 21. axb5 axb5 22. fxg6 Bxh3 23. gxf7+ Qxf7 24. Nxh3 b4 25. Nd1 Qg6 26. h5 Qxh5 27. Rxf6 Nxf6 28. Rxf6 Ng6 29. Rf5 Qg4 30. Ndf2 1-0

[Event "RUS-chT blitz"]
[Site "Sochi"]
[Date "2017.10.05"]
[Round "8"]
[White "Derjabin, Ilja"]
[Black "Krylov, Mikhail"]
[Result "0-1"]
[WhiteElo "2360"]
[BlackElo "2476"]
[PlyCount "134"]
[EventDate "2017.10.05"]
[EventType "team-swiss (blitz)"]
[EventRounds "15"]
[EventCountry "RUS"]
[SourceTitle "CBM 181 Extra"]
[Source "ChessBase"]
[SourceDate "2017.12.12"]
[SourceVersion "1"]
[SourceVersionDate "2017.12.12"]
[SourceQuality "1"]
[WhiteTeam "Our Crimea Republic of Crimea"]
[BlackTeam "Moscow Locomotive"]
[WhiteTeamCountry "RUS"]
[BlackTeamCountry "RUS"]

1. d4 Nf6 2. c4 g6 3. Nc3 Bg7 4. e4 d6 5. Nge2 0-0 6. Ng3 c5 7. d5 a6 8. a4 e6 9. Be2 exd5 10. cxd5 Nbd7 11. 0-0 h5 12. Bg5 Qc7 13. Qd2 Re8 14. f4 Nh7 15. Bh4 Rb8 16. Kh1 c4 17. Rae1 b5 18. axb5 axb5 19. e5 dxe5 20. f5 Nc5 21. d6 Qd7 22. fxg6 fxg6 23. Nd5 Kh8 24. Ne7 Qe6 25. Nxh5 gxh5 26. Bxh5 Bd7 27. Bf7 Rxe7 28. Bxe6 Rxe6 29. Qd5 Nd3 30. Rf7 Nxe1 31. Rxd7 Rf8 32. h3 Rg6 33. Bxe1 Rf1+ 34. Kh2 Rxe1 35. Rd8+ Nf8 36. Qf7 Kh7 37. Qf2 Rd1 38. Qh4+ Rh6 39. Qe4+ Rg6 40. h4 Rd4 41. Qf5 Rxh4+ 42. Kg1 Rd4 43. Qh5+ Rh6 44. Qf5+ Kg8 45. d7 Rhd6 46. Rb8 Rxd7 47. Rxb5 Rd1+ 48. Kh2 Rf7 49. Qe4 Rd4 50. Qc2 Rh4+ 51. Kg1 Rd4 52. Rc5 e4 53. Rxc4 e3 54. Rxd4 Bxd4 55. Kh2 Be5+ 56. Kh3 Rf2 57. Qc4+ Kh8 58. Qe4 Bf4 59. g3 Bh6 60. b4 Kg7 61. b5 Rf6 62. Qe5 Kg6 63. g4 Re6 64. Qf5+ Kg7 65. g5 e2 66. gxh6+ Rxh6+ 67. Kg4 e1Q 0-1

[Event "RUS-chT blitz"]
[Site "Sochi"]
[Date "2017.10.05"]
[Round "5"]
[White "Krylov, Mikhail"]
[Black "Maltsevskaya, Aleksandra"]
[Result "1-0"]
[WhiteElo "2476"]
[BlackElo "2260"]
[PlyCount "115"]
[EventDate "2017.10.05"]
[EventType "team-swiss (blitz)"]
[EventRounds "15"]
[EventCountry "RUS"]
[SourceTitle "CBM 181 Extra"]
[Source "ChessBase"]
[SourceDate "2017.12.12"]
[SourceVersion "1"]
[SourceVersionDate "2017.12.12"]
[SourceQuality "1"]
[WhiteTeam "Moscow Locomotive"]
[BlackTeam "Moscow Region IMBA"]
[WhiteTeamCountry "RUS"]
[BlackTeamCountry "RUS"]

1. d4 Nf6 2. c4 g6 3. Nc3 Bg7 4. Bg5 0-0 5. e3 d6 6. Be2 c6 7. Qc2 a6 8. Nf3 b5 9. 0-0 Nbd7 10. Nd2 Bb7 11. b4 bxc4 12. Nxc4 h6 13. Bh4 Rc8 14. Bf3 Ba8 15. Rfd1 Qc7 16. Bg3 Qa7 17. a4 c5 18. Bxa8 cxb4 19. Nd5 Qxa8 20. Nxe7+ Kh7 21. Nxc8 Rxc8 22. Qe2 Ne4 23. Nxd6 Nc3 24. Qc2 Rc6 25. Re1 Qf8 26. Nb7 Qc8 27. Na5 Rb6 28. Qb3 Nf6 29. Qxf7 Qf5 30. Nb3 Rc6 31. h3 Qc2 32. Nc5 b3 33. Qxb3 Ne2+ 34. Kh2 Rxc5 35. Qxc2 Rxc2 36. Be5 Ne4 37. Bxg7 Kxg7 38. f3 Ng5 39. h4 Ne6 40. Rab1 Nc3 41. Rb6 Kf7 42. Rxa6 g5 43. h5 g4 44. fxg4 Ng5 45. Rf1+ Kg7 46. Rg6+ Kh7 47. a5 Nd5 48. a6 Nxe3 49. Rb1 Rxg2+ 50. Kh1 Ra2 51. Rb7+ Kh8 52. a7 Ra1+ 53. Kh2 Ra2+ 54. Kg3 Nf1+ 55. Kf4 Rf2+ 56. Ke5 Nf3+ 57. Kd6 Ra2 58. Rb8+ 1-0

[Event "RUS-chT rapid"]
[Site "Sochi"]
[Date "2017.10.04"]
[Round "6.2"]
[White "Rozum, Ivan"]
[Black "Krylov, Mikhail"]
[Result "1-0"]
[WhiteElo "2586"]
[BlackElo "2476"]
[PlyCount "73"]
[EventDate "2017.10.03"]
[EventType "team-swiss (rapid)"]
[EventRounds "9"]
[EventCountry "RUS"]
[SourceTitle "EXT 2018"]
[Source "ChessBase"]
[SourceDate "2017.10.13"]
[SourceVersion "1"]
[SourceVersionDate "2017.10.13"]
[SourceQuality "1"]
[WhiteTeam "Vologda Region"]
[BlackTeam "Moscow Locomotive"]
[WhiteTeamCountry "RUS"]
[BlackTeamCountry "RUS"]

1. c4 g6 2. g3 Bg7 3. Bg2 Nf6 4. Nc3 0-0 5. d3 d6 6. e4 c5 7. Nge2 Nc6 8. h3 a6 9. a4 Ne8 10. Be3 Nc7 11. d4 cxd4 12. Nxd4 Nxd4 13. Bxd4 Bxd4 14. Qxd4 Ne6 15. Qe3 a5 16. 0-0 Nc5 17. e5 Be6 18. Rfd1 Bxc4 19. exd6 exd6 20. Qf4 Bb3 21. Rxd6 Qe7 22. Rb6 Ra6 23. Rb5 Be6 24. Qe5 Nd7 25. Qc7 b6 26. Rd1 Qd8 27. Qb7 Qc8 28. Qxc8 Rxc8 29. Bb7 Raa8 30. Bxa8 Rxa8 31. Nd5 Rb8 32. Nf4 Nc5 33. Nxe6 Nxe6 34. Rd6 Nc5 35. Rdxb6 Rxb6 36. Rxb6 Nxa4 37. Rb5 1-0

[Event "RUS-chT rapid"]
[Site "Sochi"]
[Date "2017.10.03"]
[Round "2.2"]
[White "Andreikin, Dmitry"]
[Black "Krylov, Mikhail"]
[Result "1-0"]
[WhiteElo "2705"]
[BlackElo "2476"]
[PlyCount "111"]
[EventDate "2017.10.03"]
[EventType "team-swiss (rapid)"]
[EventRounds "9"]
[EventCountry "RUS"]
[SourceTitle "EXT 2018"]
[Source "ChessBase"]
[SourceDate "2017.10.13"]
[SourceVersion "1"]
[SourceVersionDate "2017.10.13"]
[SourceQuality "1"]
[WhiteTeam "Urals Sima Land"]
[BlackTeam "Moscow Locomotive"]
[WhiteTeamCountry "RUS"]
[BlackTeamCountry "RUS"]

1. d4 Nf6 2. Bg5 Ne4 3. Bf4 c5 4. f3 Qa5+ 5. c3 Nf6 6. d5 d6 7. e4 e5 8. dxe6 Bxe6 9. Na3 Nc6 10. Nc4 Bxc4 11. Bxc4 Be7 12. Ne2 0-0 13. 0-0 Ne5 14. Bb3 c4 15. Bc2 Qb6+ 16. Kh1 Qxb2 17. Rb1 Qxa2 18. Rxb7 Ng6 19. Be3 Qa6 20. Qb1 Rfe8 21. Qb2 d5 22. Nd4 dxe4 23. fxe4 Ng4 24. Bg1 N4e5 25. Ra1 Qf6 26. Nb5 Nf4 27. Nc7 Qg6 28. Bb1 Bf8 29. Nxa8 Rxa8 30. Qf2 Qg4 31. Rbxa7 Rxa7 32. Rxa7 h5 33. Ra8 Nfg6 34. Bc2 Kh7 35. Qf5 Be7 36. Qxg4 hxg4 37. Bd4 Bg5 38. g3 Bd2 39. Bd1 Kh6 40. Be2 Kg5 41. Ra5 f6 42. Bxc4 Kh6 43. Be2 Nc6 44. Rc5 Nxd4 45. cxd4 Be3 46. Rc4 Kg5 47. Rc5+ Kh6 48. Rd5 Ne7 49. Rd6 Kg5 50. Rd7 Ng6 51. d5 Kh6 52. d6 Ne5 53. Rd8 Bb6 54. Rh8+ Kg6 55. Bb5 Ba5 56. Be8+ 1-0

[Event "Pardubice Czech op-A 28th"]
[Site "Pardubice"]
[Date "2017.07.28"]
[Round "8"]
[White "Krylov, Mikhail"]
[Black "Kozusek, Daniel"]
[Result "1-0"]
[WhiteElo "2485"]
[BlackElo "2265"]
[PlyCount "59"]
[EventDate "2017.07.21"]
[EventType "swiss"]
[EventRounds "9"]
[EventCountry "CZE"]
[SourceTitle "CBM 179 Extra"]
[Source "ChessBase"]
[SourceDate "2017.08.23"]
[SourceVersion "1"]
[SourceVersionDate "2017.08.23"]
[SourceQuality "1"]

1. c4 e6 2. Nf3 Nf6 3. g3 d5 4. b3 d4 5. Bg2 Nc6 6. 0-0 Bc5 7. e3 0-0 8. Bb2 e5 9. exd4 Nxd4 10. Nxd4 Bxd4 11. Nc3 Bg4 12. Qc2 Qd7 13. Nd5 Nxd5 14. cxd5 Bf5 15. Qc1 Bxb2 16. Qxb2 e4 17. Rac1 Rac8 18. Qd4 Rfd8 19. Qxa7 Qxd5 20. Rc5 Qd4 21. Rfc1 Qxd2 22. Qxb7 e3 23. fxe3 Qxe3+ 24. Kh1 Qxc5 25. Rxc5 Rd1+ 26. Bf1 Bh3 27. Qxc8+ Bxc8 28. Kg2 Rd2+ 29. Kg1 Rxa2 30. Rd5 1-0

[Event "Pardubice Czech op-A 28th"]
[Site "Pardubice"]
[Date "2017.07.26"]
[Round "6"]
[White "Krylov, Mikhail"]
[Black "Belous, Mikhail"]
[Result "0-1"]
[WhiteElo "2485"]
[BlackElo "2313"]
[PlyCount "76"]
[EventDate "2017.07.21"]
[EventType "swiss"]
[EventRounds "9"]
[EventCountry "CZE"]
[SourceTitle "CBM 179 Extra"]
[Source "ChessBase"]
[SourceDate "2017.08.23"]
[SourceVersion "1"]
[SourceVersionDate "2017.08.23"]
[SourceQuality "1"]

1. d4 Nf6 2. c4 g6 3. Nc3 Bg7 4. e4 d6 5. Nf3 0-0 6. h3 e5 7. d5 a5 8. Bg5 Na6 9. Nd2 Qe8 10. g4 Nd7 11. a3 Nb6 12. Be3 f5 13. gxf5 gxf5 14. Rg1 Kh8 15. exf5 Bxf5 16. Nce4 Na4 17. b3 N4c5 18. Ng3 Bg6 19. h4 Qf7 20. h5 Bd3 21. Rg2 c6 22. h6 Bf6 23. Bxd3 Nxd3+ 24. Kf1 cxd5 25. cxd5 Nf4 26. Nde4 Nxg2 27. Kxg2 Nc7 28. Nxd6 Qxd5+ 29. Qxd5 Nxd5 30. Nge4 Nxe3+ 31. fxe3 Be7 32. Nxb7 Rf5 33. Rh1 Rg8+ 34. Ng3 Rfg5 35. Rh3 e4 36. b4 axb4 37. axb4 Bxb4 38. Kf2 Rb5 0-1

[Event "Pardubice Czech op-A 28th"]
[Site "Pardubice"]
[Date "2017.07.21"]
[Round "1"]
[White "Ivannikau, Maksim"]
[Black "Krylov, Mikhail"]
[Result "0-1"]
[WhiteElo "2234"]
[BlackElo "2485"]
[PlyCount "70"]
[EventDate "2017.07.21"]
[EventType "swiss"]
[EventRounds "9"]
[EventCountry "CZE"]
[SourceTitle "CBM 179 Extra"]
[Source "ChessBase"]
[SourceDate "2017.08.23"]
[SourceVersion "1"]
[SourceVersionDate "2017.08.23"]
[SourceQuality "1"]

1. Nf3 c5 2. g3 g6 3. Bg2 Bg7 4. 0-0 Nc6 5. d3 d6 6. e4 e5 7. c3 Nge7 8. a3 0-0 9. b4 h6 10. Be3 b6 11. Ne1 Be6 12. b5 Na5 13. c4 Qd7 14. Nc3 Nb7 15. Qd2 Kh7 16. Nd5 f5 17. Rd1 Nxd5 18. exd5 Bf7 19. f4 a6 20. a4 axb5 21. axb5 Ra4 22. h4 Rfa8 23. h5 Ra2 24. Nc2 gxh5 25. fxe5 dxe5 26. Rxf5 Bg6 27. Rf2 Qg4 28. d6 Qxg3 29. Rf3 Qg4 30. Kh2 e4 31. dxe4 Bxe4 32. Rg3 Qh4+ 33. Rh3 Be5+ 34. Kg1 Qg4 35. Rc1 Rg8 0-1

[Event "Pardubice op rapid 28th"]
[Site "Pardubice"]
[Date "2017.07.20"]
[Round "7"]
[White "Krylov, Mikhail"]
[Black "Demidov, Mikhail"]
[Result "0-1"]
[WhiteElo "2485"]
[BlackElo "2524"]
[PlyCount "94"]
[EventDate "2017.07.19"]
[EventType "swiss (rapid)"]
[EventRounds "9"]
[EventCountry "CZE"]
[SourceTitle "CBM 179 Extra"]
[Source "ChessBase"]
[SourceDate "2017.08.23"]
[SourceVersion "1"]
[SourceVersionDate "2017.08.23"]
[SourceQuality "1"]

1. d4 d5 2. c4 c6 3. Nf3 Nf6 4. Nc3 dxc4 5. a4 Bf5 6. Ne5 Na6 7. f3 Nd7 8. Nxc4 e5 9. Nxe5 Nxe5 10. dxe5 Qxd1+ 11. Nxd1 Nb4 12. Ne3 Bg6 13. Bd2 0-0-0 14. Rc1 Be7 15. Nc4 Na2 16. Ra1 Nb4 17. Rc1 Na2 18. Ra1 Nb4 19. Kf2 Nc2 20. Rc1 Bc5+ 21. Kg3 Rxd2 22. Nxd2 Be3 23. Nb3 Rd8 24. h4 Kc7 25. Kh2 Bxc1 26. Nxc1 Rd1 27. h5 Bxh5 28. Nd3 Ne3 29. Kg3 Bg6 30. Kf2 Rxf1+ 31. Rxf1 Nxf1 32. Kxf1 Bxd3 33. exd3 c5 34. Ke2 Kc6 35. f4 Kd5 36. Ke3 b6 37. g4 h6 38. Kf3 a6 39. Kg3 g5 40. Kf3 Kd4 41. Kg3 b5 42. axb5 axb5 43. Kf3 b4 44. b3 gxf4 45. Kxf4 Kxd3 46. Kf5 c4 47. Kf6 cxb3 0-1

[Event "Platja d'Aro op 5th"]
[Site "Platja d'Aro"]
[Date "2017.06.28"]
[Round "4"]
[White "Gutenev, Alexander"]
[Black "Krylov, Mikhail"]
[Result "1/2-1/2"]
[WhiteElo "2455"]
[BlackElo "2485"]
[PlyCount "51"]
[EventDate "2017.06.25"]
[EventType "swiss"]
[EventRounds "9"]
[EventCountry "ESP"]
[SourceTitle "EXT 2018"]
[Source "ChessBase"]
[SourceDate "2017.10.13"]
[SourceVersion "1"]
[SourceVersionDate "2017.10.13"]
[SourceQuality "1"]

1. e4 c5 2. Nf3 e6 3. d4 cxd4 4. Nxd4 Nc6 5. Nc3 Qc7 6. Be2 a6 7. 0-0 Nf6 8. Be3 Be7 9. f4 d6 10. Qe1 0-0 11. Kh1 Nxd4 12. Bxd4 b5 13. a3 Bb7 14. Qg3 Bc6 15. Rae1 Qb7 16. Bd3 b4 17. axb4 Qxb4 18. Ne2 Qb7 19. e5 Nh5 20. Qh3 g6 21. Ng3 dxe5 22. Bxe5 Nxg3+ 23. hxg3 Bb5 24. Be4 Bc6 25. Bd3 Bb5 26. Be4 1/2-1/2

[Event "Platja d'Aro op 4th"]
[Site "Platja d'Aro"]
[Date "2016.07.02"]
[Round "9"]
[White "Krylov, Mikhail"]
[Black "Jerez Perez, Alfonso"]
[Result "1-0"]
[WhiteElo "2484"]
[BlackElo "2387"]
[PlyCount "57"]
[EventDate "2016.06.25"]
[EventType "swiss"]
[EventRounds "9"]
[EventCountry "ESP"]
[SourceTitle "EXT 2017"]
[Source "ChessBase"]
[SourceDate "2016.10.25"]
[SourceVersion "1"]
[SourceVersionDate "2016.10.25"]
[SourceQuality "1"]

1. d4 Nf6 2. c4 g6 3. Nc3 d5 4. cxd5 Nxd5 5. e4 Nxc3 6. bxc3 Bg7 7. Be3 c5 8. Nf3 0-0 9. Qd2 Qa5 10. Rc1 Rd8 11. d5 e6 12. Bg5 f6 13. Bf4 exd5 14. exd5 Nc6 15. Bc4 b5 16. Be2 Be6 17. c4 Nb4 18. 0-0 bxc4 19. a3 Qxa3 20. Ra1 Qb3 21. Bd1 Rxd5 22. Qe2 Bf5 23. Bxb3 cxb3 24. Ra3 Nd3 25. Rxb3 Nxf4 26. Qc4 g5 27. Re1 Rad8 28. g3 Bd3 29. Rxd3 1-0

[Event "Platja d'Aro op 4th"]
[Site "Platja d'Aro"]
[Date "2016.06.29"]
[Round "6"]
[White "Vidal Zamora, Alex"]
[Black "Krylov, Mikhail"]
[Result "1/2-1/2"]
[WhiteElo "2262"]
[BlackElo "2484"]
[PlyCount "41"]
[EventDate "2016.06.25"]
[EventType "swiss"]
[EventRounds "9"]
[EventCountry "ESP"]
[SourceTitle "EXT 2017"]
[Source "ChessBase"]
[SourceDate "2016.10.25"]
[SourceVersion "1"]
[SourceVersionDate "2016.10.25"]
[SourceQuality "1"]

1. d4 Nf6 2. Nf3 g6 3. c4 Bg7 4. g3 0-0 5. Bg2 d6 6. 0-0 Nc6 7. Nc3 a6 8. h3 Rb8 9. e4 b5 10. cxb5 axb5 11. Re1 b4 12. Nd5 Na5 13. Qa4 Nxd5 14. exd5 Nc4 15. Qb3 Nb6 16. Bg5 Re8 17. Nh2 h6 18. Bd2 e6 19. dxe6 Bxe6 20. d5 Bd7 21. Rxe8+ 1/2-1/2